| 000 | 00410nam a22001457a 4500 | ||
|---|---|---|---|
| 020 | _a812190868 | ||
| 040 | _aNUST | ||
| 082 |
_a670.42 _bKHU |
||
| 100 | _aKhurmi R.S. | ||
| 110 |
_aGupta J.K. _9112332 |
||
| 245 |
_aA Text Book of Workshop Technology _b(Manufacturing Processes) |
||
| 260 |
_aNew Dehli: _bS.Chand & Company; _c2007. |
||
| 610 |
_aA Text Book of Workshop Technology _9124708 |
||
| 942 |
_2ddc _cBK |
||
| 999 |
_c610513 _d610513 |
||